00453nam a22001697a 450000500170000001000170001702000270003403500170006103700110007808200120008910000200010124500440012126000350016527000600020030000200026070000030028020120224115839.0 aB-446700-703 a97801431028130c199.00 aB-446700-703 bB.B.B. a303.325 aBajpai,Kanti P. aRoots of terrorism /cby Kanti P.Bajpai aNew DelhibPenguin Booksc2002 a11 Community Centre,Panchsheel Park,bNew Delhie110017 a182pc18cm(pbk)